000 00332nam a22001457a 4500
003 SGT
020 _a978-81-239-0902-8
082 _a615.19
_bD08C
100 _aCARTER,S.J.
245 _aDISPENSING FOR PHARMACEUTICAL STUDENTS
260 _aNEW DELHI
_bCBS PUB.
_c2008
300 _a759
650 _aPHARMACY
942 _2ddc
_cBK
_012
999 _c21502
_d21502